LEADER 01390nam2-2200409---450 001 990005773260203316 005 20190403125027.0 035 $a000577326 035 $aUSA01000577326 035 $a(ALEPH)000577326USA01 035 $a000577326 100 $a20101213d2010----|||y0itaa50------ba 101 $afre 102 $afr 105 $a0 00||| 200 1 $a<<1: >> Orphee, du repoussoir au prefigurateur du Christ$ereecritures d'un mythe a des fins protreptiques chez Clement d'Alexandrie$fFabienne Jourdan 210 $aParis$cLes belles lettres$d2010 215 $a486 p.$cill.$d24 cm. 225 2 $aAnagoge 410 0$12001$aAnagoge 461 0$1001000577325$12001$aOrphee et les chretiens$v1 606 $aLetteratura cristiana$xAutori greci$xSec. 1.-6.$xFonti[:] Orfeo$xMiti$2F 606 $aClemente : Alessandrino. Protrepticum ad Graecos$xRiferimenti[:] Orfeo$xMiti$2F 620 $dPARIS 676 $a880.9001 700 1$aJOURDAN,$bFabienne$0286408 801 0$aIT$bSA$c20111219 912 $a990005773260203316 950 0$aDipar.to di Filosofia - Salerno$dDFCC 880.9001 JOU$e9428 FIL 951 $aCC 880.9001 JOU$b9428 FIL 959 $aBK 969 $aFIL 979 $c20121027$lUSA01$h1526 979 $c20121027$lUSA01$h1616 996 $aOrphee, du repoussoir au prefigurateur du Christ$91081914 997 $aUNISA NUM $aSA0028522